Woodworking,a knowledge based guide (Record no. 582722)

000 -LEADER
fixed length control field 00405nam a22001697a 4500
003 - CONTROL NUMBER IDENTIFIER
control field CEME
005 - DATE AND TIME OF LATEST TRANSACTION
control field 20210628205920.0
008 - FIXED-LENGTH DATA ELEMENTS--GENERAL INFORMATION
fixed length control field 210204b xxu||||| |||| 00| 0 eng d
040 ## - CATALOGING SOURCE
Transcribing agency .
082 ## - DEWEY DECIMAL CLASSIFICATION NUMBER
Classification number 684.08 ASI
100 ## - MAIN ENTRY--PERSONAL NAME
Personal name Asif Shabbir
9 (RLIN) 77460
245 ## - TITLE STATEMENT
Title Woodworking,a knowledge based guide
260 ## - PUBLICATION, DISTRIBUTION, ETC.
Place of publication, distribution, etc. GUJRAT
Name of publisher, distributor, etc. TEVTA
Date of publication, distribution, etc. 2002
300 ## - PHYSICAL DESCRIPTION
Extent 230P
650 ## - SUBJECT ADDED ENTRY--TOPICAL TERM
Topical term or geographic name entry element WOODWORKING
9 (RLIN) 77461
942 ## - ADDED ENTRY ELEMENTS (KOHA)
Koha item type Book
Source of classification or shelving scheme
Holdings
Withdrawn status Lost status Damaged status Not for loan Permanent Location Current Location Shelving location Date acquired Total Checkouts Full call number Barcode Date last seen Price effective from Koha item type
        College of Electrical & Mechanical Engineering (CEME) College of Electrical & Mechanical Engineering (CEME) General Stacks 02/24/2017   684.08 ASI CEME-39907 06/28/2021 06/28/2021 Book
© 2023 Central Library, National University of Sciences and Technology. All Rights Reserved.